000 00295nam a22001337a 4500
008 170401b xxu||||| |||| 00| 0 eng d
020 _a9781884158070
041 _aeng
080 _a617
100 _a8
101 _ashm
245 _aI HAVE A FRIEND WHO IS BLIND
_cCARLSON, H
942 _2udc
_cBK
999 _c9354
_d9354